000 00842nam a22001937a 4500
003 OSt
005 20251216092426.0
008 251216b |||||||| |||| 00| 0 eng d
040 _cDCL
082 _a၂၉၄.၃၈၂၄၇
100 0 _aသော်ဇင်၊
_cဦး။
245 0 0 _aပဋ္ဌာန်းအလင်းပြ /
_cဦးသော်ဇင်။
250 _aဒုတိယအကြိမ်။
260 _aရန်ကုန် ၊
_bဇော်ဂျီဖိုလ်ဝင်စာအုပ်တိုက်၊
_c၂၀၂၂။
300 _a၁၃၀ စာမျက်နှာ ၊
_c၁၈ စင်တီ။
504 _aကျမ်းကိုးစာရင်းပါဝင်သည်။
650 _aပဋ္ဌာန်း။
942 _2ddc
_cSHORT TERM
_n0
999 _c2727
_d2727